Представление документа в формате RUSMARC

ПолеНазваниеЗначение
  Тип записи a
  Библиографический уровень m
001 Контрольный номер RU\bookru\bibl\916806
003 Постоянный идентификатор записи http://www.book.ru/book/916806
005 Дата корректировки 20161026112405.8
010 Индекс ISBN __
a ISBN 978-5-406-03998-4
100 Данные общей обработки 0_
a Данные общей обработки 20150326d2016 mk y0rusy50 ca
101 Язык документа 0_
a Язык текста Русский
102 Страна публикации __
a Страна публикации RU
105 Кодированные данные (монография) __
a Кодированные данные (монография) y ||||000yy
200 Заглавие и сведения об ответственности 1_
a Заглавие Микроэкономика: кейсы, деловые игры, тесты (для бакалавров)
210 Выходные данные __
a Место издания Москва
c Издательство КноРус
d Дата издания 2016
215 Физическое описание __
a Объем 288
330 Аннотация __
a Аннотация Особое внимание уделяется основам спроса и предложения, проблемам развития рынка несовершенной конкуренции, теории фирмы, издержкам производства и внешним эффектам. В каждой теме рассмотрены особенности анализируемого явления в трансформирующейся экономике. Содержащиеся в учебном пособии кейсы, деловые игры и тесты, способствуют закреплению теоретических основ микроэкономического анализа и овладению навыками использования его инструментария. Соответствует ФГОС ВПО третьего поколения. Дя студентов бакалавриата, аспирантов, преподавателей высших учебных заведений, а также всех интересующихся проблемами современной экономики
606 Тематические рубрики __
a Основная рубрика Микро- и макроэкономика
2 Код системы local
608 Указатель предметных рубрик __
a Жанр/форма Учебное пособие
2 Код системы local
675 Индекс УДК __
a Индекс УДК 330(075.8)
z Язык издания rus
686 Индексы других классификаций __
a Классификационный индекс 65.01я73
2 Код системы rubbk
700 Автор _1
a Фамилия Попкова Е.Г., Шаховская Л.С., Тинякова В.И. и др.
801 Источник записи _1
a Страна RU
b Организация book_ru
c Дата составления 20150326
g Правила каталогизации RCR
856 Электронный адрес документа 4_
u Универсальный указатель ресурса (URL) http://www.book.ru/book/916806
951 __
a http://www.book.ru/book/916806